Statistiques concernant Les 30 plus grosses stations de ski françaises

Cliquez ici pour prendre le quiz!

Statistiques générales

  • Ce quiz a été pris 4 075 fois
  • Le résultat moyen est 12 sur 30

Statistiques - réponses

CAStation% Correct
66,9 M€Courchevel
89%
71,6 M€Val Thorens
82%
76,1 M€La Plagne
77%
86,2 M€Chamonix
74%
46,8 M€Val d'Isère
71%
36,4 M€Méribel
66%
48,8 M€Tignes
64%
69,4 M€Les Arcs
63%
39,2 M€Avoriaz
56%
21,5 M€Megève
55%
40,1 M€Les 2 Alpes
54%
58,2 M€Les Ménuires
50%
39,8 M€Alpe d'Huez
44%
20,5 M€La Clusaz
43%
37,8 M€Serre Chevalier
41%
19 M€Morzine
31%
18,5 M€Les Gets
27%
16,3 M€Le Grand Bornand
25%
15,6 M€Les Saisies
25%
24,5 M€Chatel
24%
41,8 M€Grand Massif
23%
13,7 M€Val Cenis
22%
13,8 M€Valloire
22%
12,7 M€Valmorel
19%
11,5 M€Vars
18%
12,1 M€La Rosière
17%
25 M€Saint Gervais
17%
12,4 M€Font Romeu
12%
13,2 M€Montgenèvre
12%
17,4 M€Saint Lary Soulan
9%

Distribution des résultats

Percentile par nombre de réponses

% des personnes avec chaque résultat

Votre développement - résultats

Vous n’avez pas pris ce quiz